Star wars, aftermath. Empire's end. #3 / Chuck ... Read More
Available copies
- 2 of 2 copies available at LARL/NWRL Consortium.
- 2 of 2 copies available at Lake Agassiz Regional Library. (Show preferred library)
Current holds
0 current holds with 2 total copies.
Show Only Available Copies
| Location | Call Number / Copy Notes | Barcode | Shelving Location | Status | Due Date |
|---|---|---|---|---|---|
| Detroit Lakes Public Library | SF WEN (Text) | 33500012449310 | Main | Available | - |
| Moorhead Public Library | SF WEN (Text) | 33500012449302 | Main | Available | - |
Record details
- ISBN: 9781101966969
- ISBN: 1101966963
- Physical Description: 423 pages ; 25 cm.
- Edition: First edition.
- Publisher: New York : Del Rey, [2017]
- Copyright: ©2017
Content descriptions
| Summary, etc.: | The Battle of Endor shattered the Empire, ... Read More |
Search for related items by subject
| Subject: | Space warfare > Fiction. Life on other planets > Fiction. Revenge > Fiction. Space warfare > Fiction. Life on other planets > Fiction. Life on other planets. Space warfare |
| Genre: | Star Wars fiction. Science fiction. Science fiction. Star wars fiction. Science fiction. Fiction. Science fiction. Star Wars fiction. |
Search for related items by series
| LDR | 03344cam a2200577Ii 4500 | ||
|---|---|---|---|
| 001 | 237622 | ||
| 003 | LARL_NWRL_CONSORTIUM | ||
| 005 | 20170316150934.0 | ||
| 008 | 160718t20172017nyu 000 0 eng d | ||
| 040 | . | ‡aTOH ‡beng ‡erda ‡cTOH ‡dYDXCP ‡dBTCTA ‡dBDX ‡dLIV ‡dOCLCO ‡dUPZ ‡dILC ‡dJAG ‡dZHB ‡dRB0 ‡dTXKYL ‡dOCLCF ‡dNDS | |
| 019 | . | ‡a949639665 | |
| 020 | . | ‡a9781101966969 ‡q(hardcover) | |
| 020 | . | ‡a1101966963 ‡q(hardcover) | |
| 035 | . | ‡a(OCoLC)981948128 ‡z(OCoLC)949639665 ‡z(OCoLC)954568972 | |
| 082 | 0 | 4. | ‡a813/.6 ‡223 |
| 100 | 1 | . | ‡aWendig, Chuck, ‡eauthor. ‡0(LARL_NWRL_CONSORTIUM)221027 |
| 245 | 1 | 0. | ‡aStar wars, aftermath. ‡pEmpire's end. ‡n#3 / ‡cChuck Wendig. |
| 246 | 3 | . | ‡aAftermath : ‡bempire's end |
| 246 | 3 | . | ‡aEmpire's end |
| 250 | . | ‡aFirst edition. | |
| 264 | 1. | ‡aNew York : ‡bDel Rey, ‡c[2017] | |
| 264 | 4. | ‡c©2017 | |
| 300 | . | ‡a423 pages ; ‡c25 cm. | |
| 336 | . | ‡atext ‡btxt ‡2rdacontent | |
| 337 | . | ‡aunmediated ‡bn ‡2rdamedia | |
| 338 | . | ‡avolume ‡bnc ‡2rdacarrier | |
| 490 | 0 | . | ‡aStar Wars, Aftermath trilogy ; ‡v3 |
| 520 | . | ‡aThe Battle of Endor shattered the Empire, scattering its remaining forces across the galaxy. But the months following the Rebellion's victory have not been easy. The fledgling New Republic has suffered a devastating attack from the Imperial remnant, forcing the new democracy to escalate their hunt for the hidden enemy. For her role in the deadly ambush, Grand Admiral Rae Sloane is the most wanted Imperial war criminal -- and one-time rebel pilot Norra Wexley, back in service at Leia's urgent request, is leading the hunt. But more than just loyalty to the New Republic drives Norra forward: Her husband was turned into a murderous pawn in Sloane's assassination plot, and now she wants vengeance as much as justice. But Sloane, too, is on a furious quest: pursuing the treacherous Gallius Rax to the barren planet Jakku. As the true mastermind behind the Empire's devastating attack, Rax has led the Empire to its defining moment. The cunning strategist has gathered the powerful remnants of the Empire's war machine, preparing to execute the late Emperor Palpatine's final plan. As the Imperial fleet orbits Jakku, an armada of Republic fighters closes in to finish what began at Endor. Norra and her crew soar into the heart of an apocalyptic clash that will leave land and sky alike scorched. And the future of the galaxy will finally be decided. | |
| 650 | 0. | ‡aSpace warfare ‡vFiction. ‡0(LARL_NWRL_CONSORTIUM)167488 | |
| 650 | 0. | ‡aLife on other planets ‡vFiction. ‡0(LARL_NWRL_CONSORTIUM)165926 | |
| 650 | 0. | ‡aRevenge ‡vFiction. ‡0(LARL_NWRL_CONSORTIUM)167017 | |
| 650 | 1. | ‡aSpace warfare ‡vFiction. ‡0(LARL_NWRL_CONSORTIUM)167488 | |
| 650 | 1. | ‡aLife on other planets ‡vFiction. ‡0(LARL_NWRL_CONSORTIUM)165926 | |
| 650 | 7. | ‡aLife on other planets. ‡2fast ‡0(LARL_NWRL_CONSORTIUM)24569 | |
| 650 | 7. | ‡2fast ‡aSpace warfare ‡0(LARL_NWRL_CONSORTIUM)31635 | |
| 655 | 0. | ‡aStar Wars fiction. | |
| 655 | 7. | ‡aScience fiction. ‡2gsafd | |
| 655 | 7. | ‡aScience fiction. ‡2lcgft | |
| 655 | 4. | ‡aStar wars fiction. | |
| 655 | 4. | ‡aScience fiction. | |
| 655 | 7. | ‡aFiction. ‡2fast | |
| 655 | 7. | ‡aScience fiction. ‡2fast | |
| 655 | 7. | ‡aStar Wars fiction. ‡2fast | |
| 901 | . | ‡a237622 ‡bOCoLC ‡c237622 ‡tbiblio ‡soclc | |

Add to basket
Permalink
Disable Highlighting